Νινέτ : μυθιστόρημα
Αποθηκεύτηκε σε:
| Κύριος συγγραφέας: | |
|---|---|
| Μορφή: | Βιβλίο |
| Γλώσσα: | Greek |
| Δημοσίευση: |
Αθήνα :
Πατάκης,
1996.
|
| Σειρά: | Σύγχρονη λογοτεχνία. Νεανικά μυθιστορήματα
|
| Θέματα: | |
| Ετικέτες: |
Προσθήκη ετικέτας
Δεν υπάρχουν, Καταχωρήστε ετικέτα πρώτοι!
|
MARC
| LEADER | 00000cam a2200000 i 4500 | ||
|---|---|---|---|
| 001 | 1/57017 | ||
| 008 | 071005s1996 gr |||||||||||||| ||gre|| | ||
| 020 | |a 9789602938140 | ||
| 035 | |l 10091246 | ||
| 040 | |a GR-MY-UA |b gre |e aacr | ||
| 041 | 0 | |a gre | |
| 082 | 0 | |a 889.3 |2 (22) | |
| 100 | 1 | |a Σαρή, Ζωρζ, |d 1925-2012. | |
| 245 | 1 | 0 | |a Νινέτ : |b μυθιστόρημα / |c Ζωρζ Σαρή. |
| 260 | |a Αθήνα : |b Πατάκης, |c 1996. | ||
| 300 | |a 292 σ. ; |c 21 εκ. | ||
| 490 | 1 | |a Σύγχρονη Λογοτεχνία. Νεανικά Μυθιστορήματα | |
| 650 | 0 | 0 | |a Greek literature, Modern. |
| 830 | 0 | |a Σύγχρονη λογοτεχνία. Νεανικά μυθιστορήματα | |
| 852 | |a INST |b RHODES |e 20071005 |h 889.3 ΣΑΡ |p 005400025520 |q 005400025520 |t BK |y 0 | ||
| 901 | |a BIBL4-2007-3 | ||
| 909 | |a Ρ |b 136069 | ||
| 922 | |a 4ΕΛΗ |b 200707 |c ΕΠΕΑΕΚ2/ΤΕΠΑΕΣ |d Σ. ΠΑΤΑΚΗΣ | ||
| 970 | |a ΜΙΣΣΟΣ |b ΣΤΑΥΡΟΣ |z 2007/10/05 | ||